000 00527nam a2200205Ia 4500
003 OSt
005 20230306155834.0
008 210210b1995 xxu||||| |||| 00| 0 eng d
020 _a81 219 0907 4
040 _cAL
041 _aEnglish
082 _a338.954 DEWI
100 _aDEWETT (Kewal Krishan) and Others
_974303
245 _aIndian economics: a development oriented study
260 _aND
_bS. Chand & Co. Ltd.
_c1995
300 _a644
690 _aIndian Economics
_974304
906 _a051226
942 _2ddc
_cBK
999 _c99794
_d99794